Представление документа в формате MARC21

Поле Инд. ПП Название Значение
Тип записи a
Библиографический уровень m
001 Контрольный номер f1faac9e7631447fb74191b287303ad9
005 Дата корректировки 20251002111705.3
020 a ISBN 978-5-91292-520-7
080 a Индекс УДК 330.342
084 a Индекс другой классификации/Индекс ББК У28
084 a Индекс другой классификации/Индекс ББК У26
090 x Авторский знак М 54
a Полочн. индекс У2
097 b Оператор *Ст*
097 b Оператор *Мал*
097 b Оператор *Мал-С*
245 10 a Заглавие Методология и практика формирования экономических экосистем
c Ответственность под научной редакцией С.А. Калайда
b Продолж. заглавия монография
260 a Место издания Москва
b Издательство Первое экономическое издательство
c Дата издания 2024
300 a Объем 295 с.
516 8_ a Прим. о типе комп. файла/ данных Текст : непосредственный
520 0_ a Аннотация Монография посвящена изучению теоретических и практических аспектов формирования экономических экосистем и выявления предпосылок их создания на основе взаимного влияния процессов экономической конвергенции и цифровизации, а также разработке соответствующего методологического аппарата и научного обоснования эффективности функционирования экономических экосистем. В работе рассмотрены вопросы взаимодействия экономической конвергенции и цифровизации и их роли в формировании экосистем в экономике; уточнено понятие экономической экосистемы; предложена классификация экосистем; разработана и обоснована финансовая модель повышения эффективности деятельности экономических субъектов; раскрыты перспективы и проблемы создания в России страховых экосистем; приведена российская и зарубежная практика формирования экономических экосистем. Предназначено для широкого круга исследователей и специалистов, изучающих проблемы и вопросы современных тенденций развития национальной экономики, в том числе финансового рынка России.
653 0_ a Ключевые слова Экосистемы
a Ключевые слова Экономическое развитие
a Ключевые слова Методология
a Ключевые слова Бизнес
a Ключевые слова Финансовая модель
a Ключевые слова Экономические субъекты
a Ключевые слова Финансовый рынок
a Ключевые слова Мировой опыт
a Ключевые слова Вьетнам
655 a Жанр/ форма (устаревшее) *Н*
900 a Имя макрообъекта 001-000163882-000000000-0000-0000-00
901 t Тип документа m
905 b Дата создания записи обработка 06.08.25
922 d Кафедра (список) Экономика и управление производством
952 e Факультет *ФУСК*
952 a Тип литературы для КСУ ВШ *Н*
990 f Даты поступлений (DOS) 25.11.24
g Размещение заказа (DOS) пожертвование православного Прихода Успенского
h N записи в КСУ для Б/У (DOS) 62/2024
j Количество экземпляров (DOS) 1